القرانِ الحکیم (Record no. 550381)

000 -LEADER
fixed length control field 00348nam a22001217a 4500
082 ## - DEWEY DECIMAL CLASSIFICATION NUMBER
Classification number 297.12259143
Author Mark QUR
245 ## - TITLE STATEMENT
Title القرانِ الحکیم
Statement of responsibility, etc. Harzrat mulana ashraf ali sahid thanvi
260 ## - PUBLICATION, DISTRIBUTION, ETC.
Place of publication, distribution, etc. Lahore.
Name of publisher, distributor, etc. Taj company
300 ## - PHYSICAL DESCRIPTION
Extent 551 p.
Other physical details ill.
Dimensions 38 cm.
526 ## - STUDY PROGRAM INFORMATION NOTE
Program name 0
Interest level 0
Reading level 0
Title point value 297_122591430000000_QUR
650 ## - SUBJECT ADDED ENTRY--TOPICAL TERM
Topical term or geographic name entry element MCE.
9 (RLIN) 379
942 ## - ADDED ENTRY ELEMENTS (KOHA)
Source of classification or shelving scheme
Koha item type Book
Holdings
Withdrawn status Lost status Source of classification or shelving scheme Damaged status Not for loan Permanent Location Current Location Date acquired Total Checkouts Total Renewals Full call number Barcode Date last seen Date last checked out Price effective from Koha item type Public note
          Military College of Engineering (MCE) Military College of Engineering (MCE) 11/06/2014 3 2 297.12259143 QUR MCE-41787 06/14/2019 05/13/2019 11/06/2014 Book ترجمہ اور تفسیر
© 2023 Central Library, National University of Sciences and Technology. All Rights Reserved.